00930nam a2200289 a 4500001001300000003000900013005001700022008004100039020001500080020001800095040002800113041000800141082002400149100002800173245007300201250002500274260005500299300002900354490002600383534004900409650002600458650002000484650002300504650002900527651005100556700003300607C01526894c-8CO-ViMGA20230915234403.0160527s2016 ck gr 00010 spa d a9584244779 a9789584244772 aCO-ViMGAbspacCO-ViMGA1 heng04a823.91 bH19c3 2191 aHawkins, Paula, d1972-13aLa chica del tren / cPaula Hawkins ; traducción de Aleix Montoto. aSéptima edición. aBogotá : bEditorial Planeta Colombiana, c2016. a493 páginas ; c22 cm.1 aPlaneta internacional pTítulo original : tThe girl on the train.14aExtranjerosv Novela.14aNovela inglesa.14aViajerosv Novela.14aViajes en trenv Novela. 4aLondres (Inglaterra)x Descripciónv Novela.1 aMontoto, Aleix, etraductor.